ბათუმის შოთა რუსთაველის სახელმწიფო უნივერსიტეტის ბიბლიოთეკა

მეტალ(ელემენტ)ორგანული ქიმია (ბიბ.ჩანაწერი № 34444)

000 -LEADER
fixed length control field 00767nam a2200229Ia 4500
001 - CONTROL NUMBER
control field 188
003 - CONTROL NUMBER IDENTIFIER
control field GE_BSU
008 - FIXED-LENGTH DATA ELEMENTS--GENERAL INFORMATION
fixed length control field 181216s||||||||xx |||||||||||||| ||und||
020 ## - INTERNATIONAL STANDARD BOOK NUMBER
International Standard Book Number 9789941131059
040 ## - CATALOGING SOURCE
Transcribing agency GE_BSU
080 ## - UNIVERSAL DECIMAL CLASSIFICATION NUMBER
Universal Decimal Classification number 547(075.8)
100 ## - MAIN ENTRY--PERSONAL NAME
Personal name თოფჩიშვილი,ეთერ
245 ## - TITLE STATEMENT
Title მეტალ(ელემენტ)ორგანული ქიმია
245 ## - TITLE STATEMENT
Remainder of title მოკლე კურსი
260 ## - PUBLICATION, DISTRIBUTION, ETC.
Place of publication, distribution, etc. თბილისი
260 ## - PUBLICATION, DISTRIBUTION, ETC.
Name of publisher, distributor, etc. თბილისის უნივერსიტეტის გამომცემლობა
260 ## - PUBLICATION, DISTRIBUTION, ETC.
Date of publication, distribution, etc. 2008
300 ## - PHYSICAL DESCRIPTION
Extent 196გვ.
653 ## - INDEX TERM--UNCONTROLLED
Uncontrolled term მეტალ(ელემენტ)ორგანული ქიმია
942 ## - ADDED ENTRY ELEMENTS (KOHA)
Koha item type წიგნი
ეგზემპლარები
Withdrawn status Lost status Damaged status Not for loan Date acquired Barcode Date last seen Price effective from Koha item type Public note
        2018-12-17 2080 2018-12-17 2018-12-17 წიგნი დარბაზი
        2018-12-17 2081 2018-12-17 2018-12-17 წიგნი დარბაზი